Main types of Ukrainian Shield nepheline rocks mineralogical and geochemical features /

Elmentve itt :
Bibliográfiai részletek
Szerzők: Osypenko Viktoriia
Snyukov Sergey
Lazareva Irina
Testületi szerző: International Students Geological Conference (5.) (2014) (Budapest)
Dokumentumtípus: Cikk
Megjelent: Department of Mineralogy, Geochemistry and Petrology, University of Szeged Szeged 2014
Sorozat:Acta mineralogica-petrographica 8
Acta mineralogica-petrographica : abstract series 8
Kulcsszavak:Kőzettan - Ukrajna - előadáskivonat, Ásványtan - előadáskivonat, Geokémia - előadáskivonat
Tárgyszavak:
Online Access:http://acta.bibl.u-szeged.hu/44250
LEADER 01160nab a2200253 i 4500
001 acta44250
005 20260212142151.0
008 170327s2014 hu o 000 eng d
022 |a 0324-6523, 1589-4835 
040 |a SZTE Egyetemi Kiadványok Repozitórium  |b hun 
041 |a eng 
100 1 |a Osypenko Viktoriia 
245 1 0 |a Main types of Ukrainian Shield nepheline rocks   |h [elektronikus dokumentum] :  |b mineralogical and geochemical features /  |c  Osypenko Viktoriia 
260 |a Department of Mineralogy, Geochemistry and Petrology, University of Szeged  |b Szeged  |c 2014 
300 |a 103 
490 0 |a Acta mineralogica-petrographica  |v 8 
490 0 |a Acta mineralogica-petrographica : abstract series  |v 8 
650 4 |a Természettudományok 
650 4 |a Föld- és kapcsolódó környezettudományok 
695 |a Kőzettan - Ukrajna - előadáskivonat, Ásványtan - előadáskivonat, Geokémia - előadáskivonat 
700 0 1 |a Snyukov Sergey  |e aut 
700 0 1 |a Lazareva Irina  |e aut 
710 |a International Students Geological Conference (5.) (2014) (Budapest) 
856 4 0 |u http://acta.bibl.u-szeged.hu/44250/1/mineralogica_as_008_103.pdf  |z Dokumentum-elérés